000 00711nam a2200217Ia 4500
003 GCL
008 140319s9999 xx 000 0 ara d
040 _aGCL /
_cGCL
082 0 4 _aط
_b603
_bم م
100 1 _aمحمد حسن ابودنيا
245 1 0 _aالموسوعة العلمية الميسرة /
_cمحمد حسن ابودنيا
700 1 _aعادل البطراوى
300 _aمتعدد
490 _aالهيئة العامة للاستعلامات
_v0
650 0 4 _aدوائر المعارف
650 0 4 _aالاطفال
650 0 4 _aدوائر المعارف العربية
650 0 4 _aالعلوم
650 0 4 _aدوائر التليفزيون المغلقة
942 _2ddc
_cBK
999 _c49633
_d49633